Top 20 des villes les plus peuplées de France - Statistiques

Statistiques générales
  • Ce quiz a été pris 291 fois
  • Le résultat moyen est 16 sur 20
Statistiques - réponses
population villes % Correct
877 215 habitants Marseille
100%
2 113 705 habitants Paris
100%
520 774 habitants Lyon
98%
238 695 habitants Lille
97%
265 328 habitants Bordeaux
96%
511 684 habitants Toulouse
96%
353 701 habitants Nice
94%
291 709 habitants Strasbourg
94%
227 830 habitants Rennes
91%
325 070 habitants Nantes
90%
307 101 habitants Montpellier
86%
172 569 habitants Saint Etienne
70%
180 834 habitants Toulon
66%
156 389 habitants Grenoble
65%
178 478 habitants Reims
65%
159 941 habitants Dijon
62%
157 555 habitants Angers
60%
166 462 habitants Le Havre
57%
156 149 habitants Saint Denis
53%
162 207 habitants Villeurbanne
45%
Aucun quiz correspondant
Distribution des résultats
% des personnes avec chaque résultat
Percentile par nombre de réponses
Votre historique - résultats
Vous n’avez pas pris ce quiz